<?xml version="1.0" encoding="UTF-8"?>
<record
    xmlns:xsi="http://www.w3.org/2001/XMLSchema-instance"
    xsi:schemaLocation="http://www.loc.gov/MARC21/slim http://www.loc.gov/standards/marcxml/schema/MARC21slim.xsd"
    xmlns="http://www.loc.gov/MARC21/slim">

  <leader>01117nam a22002537a 4500</leader>
  <datafield tag="999" ind1=" " ind2=" ">
    <subfield code="c">57</subfield>
    <subfield code="d">57</subfield>
  </datafield>
  <controlfield tag="003">OSt</controlfield>
  <controlfield tag="005">20190325191800.0</controlfield>
  <controlfield tag="008">151207b        xxu||||| |||| 00| 0 esp d</controlfield>
  <datafield tag="040" ind1=" " ind2=" ">
    <subfield code="c">DO-SdBJH</subfield>
    <subfield code="a">DO-SdBJH</subfield>
    <subfield code="b">spa</subfield>
  </datafield>
  <datafield tag="090" ind1=" " ind2=" ">
    <subfield code="a">TG INEGEOFA</subfield>
    <subfield code="b">00059 2004</subfield>
  </datafield>
  <datafield tag="100" ind1="1" ind2=" ">
    <subfield code="a">Reyes Mota, Rafael R.</subfield>
    <subfield code="e">sustentante</subfield>
  </datafield>
  <datafield tag="245" ind1="1" ind2="0">
    <subfield code="a">Geopol&#xED;tica Imperial y recursos naturales caso de Irak / </subfield>
    <subfield code="c">Rafael R. Reyes Mota, Eliseo N. P&#xE9;rez Fili&#xF3;n </subfield>
  </datafield>
  <datafield tag="260" ind1=" " ind2=" ">
    <subfield code="a">Santo Domingo :</subfield>
    <subfield code="b">INSUDE, </subfield>
    <subfield code="c">2004</subfield>
  </datafield>
  <datafield tag="300" ind1=" " ind2=" ">
    <subfield code="a">51 hojas</subfield>
  </datafield>
  <datafield tag="502" ind1=" " ind2=" ">
    <subfield code="a">Trabajo de grado (Estudios Geopol&#xED;ticos). -- Instituto Superior para la Defensa (INSUDE). Instituto de Estudios Geopol&#xED;ticos, 2004</subfield>
  </datafield>
  <datafield tag="504" ind1=" " ind2=" ">
    <subfield code="a">Incluye referencias bibliogr&#xE1;ficas e &#xED;ndice</subfield>
  </datafield>
  <datafield tag="505" ind1=" " ind2=" ">
    <subfield code="a">Antecedentes hist&#xF3;ricos. -- Los conflictos contempor&#xE1;neos. --
 Dimensiones geopol&#xED;ticas.
</subfield>
  </datafield>
  <datafield tag="650" ind1=" " ind2="4">
    <subfield code="a">Geopol&#xED;tica-Estados Unidos</subfield>
  </datafield>
  <datafield tag="650" ind1=" " ind2="4">
    <subfield code="a">Recursos Naturales-Irak. </subfield>
  </datafield>
  <datafield tag="650" ind1=" " ind2="4">
    <subfield code="a">Conflictos Armados-Estados Unidos-Irak.</subfield>
  </datafield>
  <datafield tag="700" ind1="1" ind2=" ">
    <subfield code="a">P&#xE9;rez Fili&#xF3;n, Eliseo N. </subfield>
    <subfield code="e">sustentante</subfield>
  </datafield>
  <datafield tag="830" ind1=" " ind2=" ">
    <subfield code="a">INSUDE.  Instituto de Estudios Geopoliticos.  Tesis y disertaciones acad&#xE9;micas</subfield>
  </datafield>
  <datafield tag="942" ind1=" " ind2=" ">
    <subfield code="2">ddc</subfield>
    <subfield code="c">T</subfield>
  </datafield>
  <datafield tag="952" ind1=" " ind2=" ">
    <subfield code="0">0</subfield>
    <subfield code="1">0</subfield>
    <subfield code="2">CL</subfield>
    <subfield code="4">0</subfield>
    <subfield code="7">1</subfield>
    <subfield code="8">TG</subfield>
    <subfield code="a">BJHA</subfield>
    <subfield code="b">BJHA</subfield>
    <subfield code="d">2015-12-07</subfield>
    <subfield code="i">04-00059</subfield>
    <subfield code="l">0</subfield>
    <subfield code="o">TG INEGEOFA 00059 2004</subfield>
    <subfield code="p">04-00059</subfield>
    <subfield code="r">2018-10-06 00:00:00</subfield>
    <subfield code="t">ej.1</subfield>
    <subfield code="w">2015-12-07</subfield>
    <subfield code="y">T</subfield>
  </datafield>
  <datafield tag="952" ind1=" " ind2=" ">
    <subfield code="0">0</subfield>
    <subfield code="1">0</subfield>
    <subfield code="2">CL</subfield>
    <subfield code="4">0</subfield>
    <subfield code="7">1</subfield>
    <subfield code="8">TG</subfield>
    <subfield code="a">BJHA</subfield>
    <subfield code="b">BJHA</subfield>
    <subfield code="d">2015-12-07</subfield>
    <subfield code="i">04-00062</subfield>
    <subfield code="l">0</subfield>
    <subfield code="o">TG INEGEOFA 00059 2004</subfield>
    <subfield code="p">04-00062</subfield>
    <subfield code="r">2018-10-06 00:00:00</subfield>
    <subfield code="t">ej.2</subfield>
    <subfield code="w">2015-12-07</subfield>
    <subfield code="y">T</subfield>
  </datafield>
  <datafield tag="952" ind1=" " ind2=" ">
    <subfield code="0">0</subfield>
    <subfield code="1">0</subfield>
    <subfield code="2">CL</subfield>
    <subfield code="4">0</subfield>
    <subfield code="7">1</subfield>
    <subfield code="8">TG</subfield>
    <subfield code="a">BJHA</subfield>
    <subfield code="b">BJHA</subfield>
    <subfield code="d">2015-12-07</subfield>
    <subfield code="i">04-00063</subfield>
    <subfield code="l">0</subfield>
    <subfield code="o">TG INEGEOFA 00059 2004</subfield>
    <subfield code="p">04-00063</subfield>
    <subfield code="r">2018-10-06 00:00:00</subfield>
    <subfield code="t">ej.3</subfield>
    <subfield code="w">2015-12-07</subfield>
    <subfield code="y">T</subfield>
  </datafield>
</record>
